000
00283nam a2200121Ia 4500
008
221030s9999 xx 000 0 und d
041
_a
English
100
_a
S. Kevin
245
0
_a
Security Analysis & Portfolio Management
_c
by S. Kevin
260
_c
0
650
_a
Mb
942
_c
BK
999
_c
17088
_d
17088